[Event "N1 Reykjavik Open 2014"]
[Site "Reykjavik ISL"]
[Date "2014.03.05"]
[Round "2.74"]
[White "Hansen, Erle Andrea Marki"]
[Black "Andersen, Per O"]
[Result "1/2-1/2"]
[WhiteElo "1810"]
[BlackElo "2042"]
[WhiteFideId "1508229"]
[BlackFideId "1503138"]
[EventDate "2014.03.04"]

1. d4 Nf6 2. Nf3 e6 3. g3 b6 4. Bg2 Bb7 5. b3 c5 6. Bb2 Be7 7. O-O O-O 8. c4
cxd4 9. Qxd4 Nc6 10. Qc3 Qc7 11. Nbd2 Rac8 12. a3 Rfd8 13. Rac1 Qb8 14. Qc2 h6
15. Qb1 d6 16. Rfd1 Ba8 17. Qa1 b5 18. b4 bxc4 19. Nxc4 Ne8 20. Ne3 Bf6 21. Ng4
Bxb2 22. Qxb2 Qb5 23. Qd2 Qh5 24. h3 e5 25. Qe3 f5 26. Qb3+ Kh8 27. Ne3 e4 28.
Nh4 Nd4 29. Rxc8 Nxe2+ 30. Kh2 Rxc8 31. Qe6 Rc3 32. Ng6+ Kh7 33. Nf8+ Kh8 34.
Ng6+ Kh7 35. Nf8+ 1/2-1/2

[Event "N1 Reykjavik Open 2014"]
[Site "Reykjavik ISL"]
[Date "2014.03.05"]
[Round "2.75"]
[White "Frick, Renato"]
[Black "Opasiak, Dustin Tennessee"]
[Result "1-0"]
[WhiteElo "2038"]
[BlackElo "1812"]
[WhiteFideId "12000027"]
[BlackFideId "24630217"]
[EventDate "2014.03.04"]

1. e4 e6 2. d4 d5 3. Nc3 Nf6 4. Bg5 Bb4 5. e5 h6 6. Bd2 Bxc3 7. bxc3 Ne4 8. Qg4
Kf8 9. Bd3 Nxd2 10. Kxd2 c5 11. h4 Nc6 12. Qf4 Qc7 13. Nf3 c4 14. Be2 Bd7 15. h5
Be8 16. g4 Ne7 17. Nh4 Kg8 18. Qe3 Kh7 19. f4 Rf8 20. Rag1 Qd7 21. Qh3 Rc8 22.
f5 Ng8 23. Qe3 Rc6 24. Rf1 Qe7 25. Qf4 Qg5 26. Qxg5 hxg5 27. Ng6 fxg6 28. fxg6+ 1-0

[Event "N1 Reykjavik Open 2014"]
[Site "Reykjavik ISL"]
[Date "2014.03.05"]
[Round "2.76"]
[White "Jonsson, Pall G"]
[Black "Hardarson, Jon Trausti"]
[Result "0-1"]
[WhiteElo "1802"]
[BlackElo "2033"]
[WhiteFideId "2303205"]
[BlackFideId "2302594"]
[EventDate "2014.03.04"]

1. b4 e5 2. Bb2 Bxb4 3. Bxe5 Nf6 4. h3 Nc6 5. Bb2 O-O 6. Nf3 d5 7. e3 Bf5 8. Be2
h6 9. O-O Re8 10. d4 Nb8 11. c4 c6 12. Qb3 Qe7 13. Nc3 dxc4 14. Bxc4 Bd6 15. Ne5
Bxe5 16. dxe5 Ne4 17. Rad1 b5 18. Nxe4 Bxe4 19. Bd3 Bd5 20. Qc3 Bxa2 21. e6 f6
22. Bg6 Rc8 23. Bf7+ Kh8 24. Ba3 c5 25. Bxc5 Rxc5 26. Rd8+ Qxd8 27. Qxc5 Nd7 28.
Qa3 Bxe6 29. Bxe6 Ne5 30. Qb3 Qd3 31. Qb4 a5 32. Qe7 Qd8 33. Qc5 Rb8 34. Bf5 Qb6
35. Qe7 Qd8 36. Qc5 b4 37. Bb1 Rc8 38. Qb5 Rb8 39. Qc5 b3 40. f4 Nf7 41. Qa7 Kg8
42. Bg6 Nh8 43. Bf5 b2 44. Be6+ Kf8 45. Ba2 Qb6 46. Qd7 Rd8 47. Qa4 Qxe3+ 48.
Kh1 Qc3 49. Rb1 Rd4 50. Qb5 Qc1+ 51. Kh2 Qxf4+ 52. Kh1 Qc1+ 53. Kh2 Qc7+ 54. Kh1
Rd2 55. Qb3 Nf7 56. Qe3 Rc2 57. Qa3+ Kg8 58. Kg1 Rc1+ 59. Kf2 Qc2+ 60. Kg3 Rxb1
61. Qe7 Qc3+ 62. Kh2 Qe5+ 63. Qxe5 fxe5 64. Bxb1 Nd6 0-1

[Event "N1 Reykjavik Open 2014"]
[Site "Reykjavik ISL"]
[Date "2014.03.05"]
[Round "2.77"]
[White "Baldursson, Haraldur"]
[Black "Fridgeirsson, Dagur Andri"]
[Result "1-0"]
[WhiteElo "2027"]
[BlackElo "1803"]
[WhiteFideId "2301423"]
[BlackFideId "2303124"]
[EventDate "2014.03.04"]

1. d4 d5 2. c4 c6 3. Nc3 Nf6 4. e3 e6 5. Nf3 Nbd7 6. Bd3 dxc4 7. Bxc4 b5 8. Bd3
a6 9. O-O Be7 10. e4 c5 11. e5 Ng4 12. Be4 Ra7 13. d5 Ndxe5 14. Nxe5 Nxe5 15. f4
Nc4 16. dxe6 Bxe6 17. Qc2 Nd6 18. f5 Bd7 19. Be3 Nc4 20. Bf4 Bg5 21. Rae1 O-O
22. f6 Qxf6 23. Bxh7+ Kh8 24. Bxg5 Qxg5 25. Bd3 Ne5 26. Bf5 g6 27. Bxd7 Rxd7 28.
Ne4 Qh6 29. Qxc5 Nd3 30. Qc3+ Qg7 31. Nf6 Rd6 32. Re3 Rxf6 33. Rxf6 Nc1 34. Rxa6
Qxc3 35. bxc3 Rd8 36. Kf2 Rd2+ 37. Kf3 Nxa2 38. Ra7 Kg7 39. Ree7 Nxc3 40. Rxf7+
Kg8 41. Rg7+ Kf8 42. Rxg6 b4 43. Rb6 Rd3+ 44. Kg4 Rd4+ 45. Kh3 Rd8 46. Rxb4 1-0

[Event "N1 Reykjavik Open 2014"]
[Site "Reykjavik ISL"]
[Date "2014.03.05"]
[Round "2.78"]
[White "Heimisson, Hilmir Freyr"]
[Black "Carlsen, Henrik"]
[Result "1-0"]
[WhiteElo "1761"]
[BlackElo "2027"]
[WhiteFideId "2309998"]
[BlackFideId "1502832"]
[EventDate "2014.03.04"]

1. e4 e6 2. d4 d5 3. Nd2 Nf6 4. e5 Nfd7 5. Bd3 c5 6. c3 Nc6 7. Ne2 Be7 8. O-O
O-O 9. f4 f5 10. Nf3 b6 11. h3 b5 12. g4 g6 13. Kh2 Kh8 14. Be3 c4 15. Bc2 Qc7
16. Qd2 Bb7 17. Rg1 a5 18. gxf5 gxf5 19. Ng5 Nd8 20. Qe1 Bxg5 21. Rxg5 Nf7 22.
Rh5 Rg8 23. Qh4 Rg7 24. Rg1 Rag8 25. Bxf5 exf5 26. Rxg7 Rxg7 27. e6 Nd6 28. exd7
Qxd7 29. Qf6 Qe8 30. Rg5 Qe7 31. Qe5 Qxe5 32. dxe5 Rxg5 33. fxg5 Ne4 34. Nd4 b4
35. cxb4 axb4 36. Nxf5 c3 37. bxc3 Nxc3 38. e6 Kg8 39. Bd4 Nxa2 40. Bf6 h5 41.
g6 1-0

[Event "N1 Reykjavik Open 2014"]
[Site "Reykjavik ISL"]
[Date "2014.03.05"]
[Round "2.79"]
[White "Van Der Merwe, Cecile H."]
[Black "Tijssens, Rob"]
[Result "1-0"]
[WhiteTitle "WIM"]
[WhiteElo "2026"]
[BlackElo "1782"]
[WhiteFideId "14300648"]
[BlackFideId "1030213"]
[EventDate "2014.03.04"]

1. e4 c5 2. Nf3 d6 3. d4 cxd4 4. Qxd4 a6 5. Be3 Nc6 6. Qd2 Nf6 7. Nc3 Bg4 8.
O-O-O Rc8 9. h3 Bh5 10. g4 Bg6 11. Bd3 e6 12. Nh4 Be7 13. Nxg6 hxg6 14. f4 b5
15. Qf2 Nd7 16. Kb1 Bf6 17. e5 dxe5 18. f5 gxf5 19. gxf5 Nd4 20. fxe6 fxe6 21.
Bg6+ Ke7 22. Rhe1 Qc7 23. Bxd4 exd4 24. Nd5+ Kd6 25. Nxc7 Rxc7 26. Rxd4+ 1-0

[Event "N1 Reykjavik Open 2014"]
[Site "Reykjavik ISL"]
[Date "2014.03.05"]
[Round "2.80"]
[White "Hauksson, Hordur Aron"]
[Black "Hansen, Lars-Henrik Bech"]
[Result "1-0"]
[WhiteElo "1756"]
[BlackElo "2022"]
[WhiteFideId "2303680"]
[BlackFideId "1402021"]
[EventDate "2014.03.04"]

1. d4 g6 2. e4 d6 3. Nf3 Bg7 4. c3 Nf6 5. Nbd2 O-O 6. Bc4 Nc6 7. O-O e5 8. dxe5
dxe5 9. h3 h6 10. Qe2 Qe7 11. b4 a5 12. b5 Nd8 13. a4 Ne8 14. Ba3 Nd6 15. Rfd1
Ne6 16. Bxe6 Bxe6 17. c4 b6 18. c5 bxc5 19. Bxc5 Rfd8 20. Rac1 Qf6 21. Bxd6 cxd6
22. Nc4 Bf8 23. Nb6 Rab8 24. Nd5 Bxd5 25. Rxd5 Qf4 26. Rc6 f5 27. Nd2 Rdc8 28.
g3 Qg5 29. Qc4 Rxc6 30. bxc6 Kh7 31. h4 Qf6 32. Rxa5 f4 33. Ra7+ Bg7 34. c7 Rc8
35. Qa6 fxg3 36. fxg3 Qe6 37. Qb7 Qh3 38. Nf1 Rf8 39. Qb5 Qg4 40. Qd3 h5 41. Rb7
Rf3 42. Qxf3 1-0

[Event "N1 Reykjavik Open 2014"]
[Site "Reykjavik ISL"]
[Date "2014.03.05"]
[Round "2.81"]
[White "Sielicki, Tomasz"]
[Black "Leosson, Atli Johann"]
[Result "1/2-1/2"]
[WhiteElo "2019"]
[BlackElo "1759"]
[WhiteFideId "1111400"]
[BlackFideId "2308533"]
[EventDate "2014.03.04"]

1. d4 d5 2. c4 c6 3. Nf3 Nf6 4. e3 e6 5. Nbd2 Nbd7 6. Bd3 Be7 7. O-O O-O 8. e4
dxe4 9. Nxe4 Nxe4 10. Bxe4 Nf6 11. Bc2 c5 12. Bg5 cxd4 13. Qd3 g6 14. Rfe1 Ng4
15. Bxe7 Qxe7 16. Qxd4 Nf6 17. Rad1 b6 18. Ne5 Bb7 19. Qd6 Qxd6 20. Rxd6 Rfd8
21. Red1 Rxd6 22. Rxd6 Rc8 23. f3 Rc7 24. Kf2 b5 25. Bd3 bxc4 26. Bxc4 Rc5 27.
Rd8+ Kg7 28. f4 Ng4+ 29. Nxg4 Rxc4 30. g3 Rc2+ 31. Ke3 Rxb2 32. Rd7 Bd5 33. Rxa7
Rxa2 34. Rxa2 Bxa2 35. h4 f6 36. Kd4 h6 37. Kc5 g5 38. hxg5 hxg5 39. Kd4 gxf4
40. gxf4 Kg6 41. Ke3 Bd5 42. Nf2 Kf5 43. Nd3 Kg4 44. Nf2+ Kg3 45. Nd3 Kg4 46.
Nf2+ Kf5 47. Nd3 Ba8 48. Nc5 e5 49. fxe5 fxe5 1/2-1/2

[Event "N1 Reykjavik Open 2014"]
[Site "Reykjavik ISL"]
[Date "2014.03.05"]
[Round "2.82"]
[White "Sigurdsson, Birkir Karl"]
[Black "Klyszcz, Michael"]
[Result "1/2-1/2"]
[WhiteElo "1738"]
[BlackElo "2011"]
[WhiteFideId "2304180"]
[BlackFideId "4655168"]
[EventDate "2014.03.04"]

1. d4 e6 2. c4 f5 3. Nc3 Nf6 4. g3 Bb4 5. Bg2 O-O 6. Nh3 d6 7. O-O Bxc3 8. bxc3
Nc6 9. Ba3 Qe8 10. c5 d5 11. Rb1 Kh8 12. Qd3 Rg8 13. c4 Ne7 14. cxd5 exd5 15.
Ng5 h6 16. Nf3 c6 17. Ne5 g5 18. f3 f4 19. g4 h5 20. h3 Nd7 1/2-1/2

[Event "N1 Reykjavik Open 2014"]
[Site "Reykjavik ISL"]
[Date "2014.03.05"]
[Round "2.83"]
[White "Omtvedt, Per"]
[Black "Norlander, Svante"]
[Result "1-0"]
[WhiteElo "2008"]
[BlackElo "1754"]
[WhiteFideId "1503235"]
[BlackFideId "1716930"]
[EventDate "2014.03.04"]

1. e4 d6 2. d4 Nf6 3. Nc3 g6 4. Be3 Bg7 5. Qd2 c5 6. dxc5 Qa5 7. cxd6 Nc6 8.
dxe7 Be6 9. Bd3 Nb4 10. Nge2 Ng4 11. Bb5+ Nc6 12. O-O Nxe3 13. Qxe3 Bd7 14. Rad1
a6 15. Qd2 Qc7 16. Nd5 Qe5 17. Nb6 Qxe7 18. Nxa8 axb5 19. Nc7+ Kd8 20. Nxb5 Be5
21. c3 Bb8 22. f4 h5 23. Nd6 Kc7 24. e5 Bg4 25. Rde1 f6 26. Nd4 fxe5 27. N4b5+
Kb6 28. fxe5 Qe6 29. a4 Rh7 30. Qe3+ Ka6 31. h3 Bf5 32. Qe2 Kb6 33. Nxf5 gxf5
34. Qf2+ Ka6 35. Qxf5 Qe7 36. Kh1 h4 37. Nd4 Na5 38. Qd3+ Ka7 39. b4 Nc6 40.
Nxc6+ bxc6 41. Qd4+ Kb7 42. b5 Rh6 43. bxc6+ Kc8 44. Qd7+ Qxd7 45. cxd7+ Kxd7
46. e6+ Ke7 47. Rf7+ Ke8 48. e7 Rh8 49. Rf8+ Rxf8 50. exf8=Q+ Kxf8 51. a5 Ba7
52. a6 Kf7 53. Rb1 Ke6 54. Rb7 1-0

[Event "N1 Reykjavik Open 2014"]
[Site "Reykjavik ISL"]
[Date "2014.03.05"]
[Round "2.84"]
[White "Kolka, Dawid"]
[Black "Baldvinsson, Loftur"]
[Result "1/2-1/2"]
[WhiteElo "1736"]
[BlackElo "2007"]
[WhiteFideId "2308010"]
[BlackFideId "2301261"]
[EventDate "2014.03.04"]

1. e4 e6 2. d4 d5 3. Nd2 c5 4. c3 Nf6 5. e5 Nfd7 6. Ngf3 Nc6 7. Be2 Qb6 8. Nb3
a5 9. dxc5 Bxc5 10. Nxc5 Qxc5 11. Be3 Qe7 12. Bd4 O-O 13. O-O f6 14. exf6 Nxf6
15. Re1 e5 16. Be3 Be6 17. Bb5 Bg4 18. Be2 Rad8 19. h3 Bh5 20. Qc2 e4 21. Nd4
Ne5 22. Qa4 Bxe2 23. Rxe2 Nh5 24. Bd2 Nd3 25. Qb5 Nhf4 26. Bxf4 Nxf4 27. Re3 Qf6
28. Rf1 b6 29. Qc6 Rd6 30. Qb7 Nd3 31. Re2 Qg5 32. Re3 Nxf2 33. Rxf2 Qxe3 34.
Nf5 Rxf5 35. Qc8+ Kf7 36. Qxf5+ Rf6 37. Qd7+ Kg6 38. Qg4+ Qg5 39. Rxf6+ gxf6 40.
Qe2 f5 41. Qb5 Qe3+ 42. Kh1 Qc5 43. Qe8+ Kf6 44. Qh8+ Ke6 45. Qxh7 e3 46. Qg8+
Ke5 47. Qg3+ f4 48. Qg5+ Ke4 49. Qg6+ 1/2-1/2

[Event "N1 Reykjavik Open 2014"]
[Site "Reykjavik ISL"]
[Date "2014.03.05"]
[Round "2.85"]
[White "Svensson, Lars-Ake"]
[Black "Holm, Fridgeir K"]
[Result "1/2-1/2"]
[WhiteElo "2007"]
[BlackElo "1729"]
[WhiteFideId "1714821"]
[BlackFideId "2307324"]
[EventDate "2014.03.04"]

1. e4 e5 2. Nf3 Nc6 3. Bb5 a6 4. Ba4 Nf6 5. d3 b5 6. Bb3 Be7 7. c3 O-O 8. O-O d5
9. Qe2 Bg4 10. h3 dxe4 11. dxe4 Bh5 12. Bg5 Na5 13. Nbd2 Nd7 14. Bxe7 Qxe7 15.
Bc2 c5 16. Rfd1 Rac8 17. g4 Bg6 18. Nf1 h5 19. Ng3 hxg4 20. hxg4 Rc6 21. Rxd7
Qxd7 22. Nxe5 Qe7 23. Nxc6 Nxc6 24. f4 f6 25. Kg2 Bf7 26. a3 g6 27. Rd1 Bc4 28.
Bd3 Bb3 29. Bc2 Bc4 30. Bd3 Bb3 31. Bc2 Bc4 1/2-1/2

[Event "N1 Reykjavik Open 2014"]
[Site "Reykjavik ISL"]
[Date "2014.03.05"]
[Round "2.87"]
[White "Murray, Michael A."]
[Black "Hisnay, Gregory"]
[Result "1/2-1/2"]
[WhiteElo "2004"]
[BlackElo "1705"]
[WhiteFideId "2609126"]
[BlackFideId "2093421"]
[EventDate "2014.03.04"]

1. e4 d5 2. Nc3 dxe4 3. Nxe4 Nf6 4. Ng3 e6 5. Nf3 Be7 6. b3 c5 7. Bb2 Nc6 8. Be2
O-O 9. O-O Qc7 10. Re1 e5 11. Bb5 Nd4 12. Be2 Bd6 13. Nxd4 exd4 14. c3 dxc3 15.
dxc3 Be6 16. c4 Ne8 17. Bd3 g6 18. Qd2 Ng7 19. Rad1 Rad8 20. Qc3 f6 21. Bb1 Be5
22. Qc1 Bxb2 23. Qxb2 f5 24. Bc2 Bf7 1/2-1/2

[Event "N1 Reykjavik Open 2014"]
[Site "Reykjavik ISL"]
[Date "2014.03.05"]
[Round "2.88"]
[White "Gautason, Kristofer"]
[Black "Johannsson, Orn Leo"]
[Result "0-1"]
[WhiteElo "1677"]
[BlackElo "1999"]
[WhiteFideId "2302098"]
[BlackFideId "2303051"]
[EventDate "2014.03.04"]

1. e4 e6 2. d4 d5 3. e5 c5 4. c3 Nc6 5. Nf3 Bd7 6. Be2 Nge7 7. O-O cxd4 8. cxd4
Nf5 9. b3 Qb6 10. Bb2 Be7 11. g4 Nh4 12. Nxh4 Bxh4 13. Na3 O-O 14. Qd2 f6 15.
exf6 Rxf6 16. f4 Raf8 17. Kg2 g5 18. fxg5 Rf2+ 19. Rxf2 Rxf2+ 20. Kh3 Qc7 21.
Rh1 Rxh2+ 0-1

[Event "N1 Reykjavik Open 2014"]
[Site "Reykjavik ISL"]
[Date "2014.03.05"]
[Round "2.90"]
[White "Hauksdottir, Hrund"]
[Black "Aubert, Carsten"]
[Result "0-1"]
[WhiteElo "1668"]
[BlackElo "1997"]
[WhiteFideId "2302608"]
[BlackFideId "1504320"]
[EventDate "2014.03.04"]

1. e4 e5 2. Nf3 Nc6 3. Bc4 Nf6 4. d3 Be7 5. O-O d6 6. c3 O-O 7. Nbd2 a6 8. Bb3
b5 9. Re1 Nd7 10. Nf1 Nc5 11. Bc2 f5 12. d4 Nxe4 13. dxe5 dxe5 14. Bb3+ Kh8 15.
Bd5 Qd6 16. Nxe5 Qxe5 17. Bxc6 Rb8 18. Ng3 Bb7 19. Bxb7 Rxb7 20. Qf3 Bd6 21. Be3
c5 22. Rad1 Rbf7 23. Bc1 c4 24. Re2 Bc5 25. Bf4 Qf6 26. Be3 Ng5 27. Bxg5 Qxg5
28. Qc6 Ba7 29. Qxa6 f4 30. Ne4 Qg4 31. Kf1 f3 32. gxf3 Qxf3 33. Qd6 Qh1# 0-1

[Event "N1 Reykjavik Open 2014"]
[Site "Reykjavik ISL"]
[Date "2014.03.05"]
[Round "2.91"]
[White "Thiry, Jean-Christophe"]
[Black "Kjartansson, Dagur"]
[Result "1-0"]
[WhiteElo "1996"]
[BlackElo "1662"]
[WhiteFideId "209015"]
[BlackFideId "2303299"]
[EventDate "2014.03.04"]

1. d4 e6 2. Nf3 Nf6 3. e3 b6 4. Bd3 Be7 5. O-O Bb7 6. c4 O-O 7. Nc3 d5 8. b3
Nbd7 9. Bb2 c5 10. Qe2 cxd4 11. exd4 h6 12. Rac1 Rc8 13. Rfe1 Re8 14. Ne5 dxc4
15. Bxc4 Nb8 16. Nxf7 Qxd4 17. Rcd1 Qh4 18. Nd6 Bxd6 19. Rxd6 Bd5 20. Bb5 Qb4
21. Bxe8 Rxe8 22. Nxd5 Qxd6 23. Nxf6+ gxf6 24. Bxf6 Qb4 25. Rc1 Qf4 26. Bb2 Nd7
27. Rc4 Qf5 28. Rg4+ Kf7 29. Rg7+ Kf8 30. Rxd7 e5 31. Qf3 Qxf3 32. gxf3 Re6 33.
Rxa7 Rg6+ 34. Kf1 Re6 35. Ke2 e4 36. f4 Rc6 37. Be5 1-0

[Event "N1 Reykjavik Open 2014"]
[Site "Reykjavik ISL"]
[Date "2014.03.05"]
[Round "2.92"]
[White "Altman, Joshua"]
[Black "Haldorsen, Benjamin"]
[Result "0-1"]
[WhiteTitle "CM"]
[WhiteElo "1650"]
[BlackElo "1994"]
[WhiteFideId "426210"]
[BlackFideId "1512633"]
[EventDate "2014.03.04"]

1. e4 e5 2. Nf3 Nc6 3. Bb5 a6 4. Ba4 Nf6 5. d3 b5 6. Bb3 Be7 7. O-O O-O 8. c3
Bb7 9. Re1 d6 10. Nbd2 Na5 11. Bc2 Re8 12. Nf1 Bf8 13. Ng3 g6 14. h4 Bg7 15. b4
Nc6 16. h5 d5 17. h6 Bh8 18. Bg5 Qd7 19. Bb3 d4 20. cxd4 Nxd4 21. Nxd4 Qxd4 22.
Qf3 Qd6 23. Rac1 c6 24. Nf1 a5 25. bxa5 c5 26. Nh2 Bc8 27. Re3 Rxa5 28. Rxc5
Qxc5 29. Bxf6 Bxf6 30. Qxf6 Qf8 31. Rg3 Be6 32. Qxe5 Bxb3 33. Qc3 Rxa2 34. Qxb3
Ra1+ 35. Nf1 Rc8 36. Qxb5 Rcc1 37. d4 Rxf1+ 38. Qxf1 Rxf1+ 39. Kxf1 Qxh6 40. Ke2
Qf4 41. Re3 Qg4+ 42. Ke1 Qxg2 43. d5 h5 44. d6 Kf8 45. e5 h4 46. Rc3 h3 47. Rc8+
Kg7 48. d7 Qg1+ 49. Kd2 Qxf2+ 50. Kc3 Qe3+ 51. Kc4 Qe4+ 52. Kc3 Qxe5+ 0-1

[Event "N1 Reykjavik Open 2014"]
[Site "Reykjavik ISL"]
[Date "2014.03.05"]
[Round "2.93"]
[White "Iclicki, Willy"]
[Black "Lee, Gudmundur Kristinn"]
[Result "1-0"]
[WhiteElo "1993"]
[BlackElo "1649"]
[WhiteFideId "200450"]
[BlackFideId "2303361"]
[EventDate "2014.03.04"]

1. d4 Nf6 2. c4 e6 3. Nf3 Bb4+ 4. Nbd2 c5 5. e3 O-O 6. a3 Bxd2+ 7. Bxd2 b6 8.
Bd3 Bb7 9. Qc2 Nc6 10. Bc3 d5 11. dxc5 dxc4 12. Bxc4 bxc5 13. O-O h6 14. Rfd1
Qe7 15. Rd2 Rfd8 16. Rad1 Nd7 17. Ba2 Nb6 18. Bb1 g6 19. b3 Rxd2 20. Rxd2 Nd5
21. Ba1 f5 22. e4 Nf6 23. exf5 gxf5 24. Qc4 Rf8 25. Bxf5 Nd8 26. Re2 Bd5 27. Qh4
Qg7 28. Be4 Bxb3 29. Re3 Bd5 30. Nd2 Kf7 31. Rg3 Qh8 32. Bxf6 1-0

[Event "N1 Reykjavik Open 2014"]
[Site "Reykjavik ISL"]
[Date "2014.03.05"]
[Round "2.94"]
[White "Jonsson, Gauti Pall"]
[Black "Arvidsson, Jonas"]
[Result "0-1"]
[WhiteElo "1618"]
[BlackElo "1992"]
[WhiteFideId "2309092"]
[BlackFideId "1717839"]
[EventDate "2014.03.04"]

1. b4 d5 2. Bb2 Nf6 3. Nf3 Bg4 4. Ne5 Bf5 5. e3 e6 6. b5 Nbd7 7. Be2 Nxe5 8.
Bxe5 Bd6 9. f4 h5 10. Bb2 Ne4 11. O-O h4 12. Qe1 Bc5 13. d4 Bd6 14. a3 g5 15.
Nd2 Nf6 16. c4 c6 17. cxd5 cxd5 18. fxg5 Ng4 19. Bxg4 Bxg4 20. Qf2 Rh7 21. Nf3
Bxf3 22. Qxf3 Qxg5 23. e4 h3 24. g3 Rc8 25. Rf2 dxe4 26. Qxe4 Bxg3 27. hxg3
Qxg3+ 28. Kf1 Rh4 29. Qxb7 Rc7 30. Qa8+ Ke7 31. Re1 Rf4 32. Rxf4 Qxf4+ 33. Kg1
Rc2 34. Qb7+ Kf8 35. Qa8+ Kg7 0-1

[Event "N1 Reykjavik Open 2014"]
[Site "Reykjavik ISL"]
[Date "2014.03.05"]
[Round "2.95"]
[White "Michalowski, Peter"]
[Black "Szumniak, Jedrzej"]
[Result "1-0"]
[WhiteElo "1985"]
[BlackElo "1618"]
[WhiteFideId "24609978"]
[BlackFideId "1718932"]
[EventDate "2014.03.04"]

1. e4 c5 2. Nf3 Nc6 3. d4 cxd4 4. Nxd4 Qb6 5. Nb3 Nf6 6. Nc3 e6 7. g3 Be7 8. Bg2
a6 9. O-O d6 10. Be3 Qc7 11. f4 Bd7 12. Qe2 Rc8 13. a4 O-O 14. a5 Nb4 15. Rfc1
Qc4 16. Qd1 d5 17. e5 Ne8 18. Na4 Nxc2 19. Nb6 Qxb3 20. Nxc8 Qxe3+ 21. Kh1 Bxc8
22. Rxc2 Bd7 23. Rc3 Qa7 24. g4 Bc6 25. Rh3 g6 26. f5 d4 27. Bxc6 bxc6 28. Qc1
g5 29. f6 Qb7 30. Qxg5+ Kh8 31. fxe7 Rg8 32. Qf4 c5+ 33. Qf3 Qxb2 34. Rf1 Rg7
35. Qa8 Qb5 36. Rhf3 Kg8 37. Qe4 Qxa5 38. Qc6 Qb5 39. Qxe6 Qb7 40. Kg1 h5 41.
Rxf7 Rxg4+ 42. Qxg4+ hxg4 43. Rf8+ Kg7 44. Rxe8 Qb3 45. Ref8 Qe3+ 46. R8f2 g3
47. hxg3 Qxe5 48. Rf7+ Kg8 49. Rf8+ Kg7 50. R1f7+ Kg6 51. Rf6+ Kg7 52. R6f7+ Kg6
53. e8=Q Qxg3+ 54. Kh1 Qh3+ 55. Kg1 Qg3+ 56. Kf1 Qh3+ 57. Ke1 Qc3+ 58. Kf2 Qc2+
59. Qe2 d3 60. Qxc2 dxc2 61. Rg8+ Kxf7 62. Rg1 Ke6 63. Ke3 Kd5 64. Kd3 c4+ 65.
Kxc2 Kc5 66. Kc3 a5 67. Rg5+ 1-0

[Event "N1 Reykjavik Open 2014"]
[Site "Reykjavik ISL"]
[Date "2014.03.05"]
[Round "2.96"]
[White "Einarsson, Oskar Long"]
[Black "Sigurdsson, Sverrir"]
[Result "0-1"]
[WhiteElo "1599"]
[BlackElo "1980"]
[WhiteFideId "2309220"]
[BlackFideId "2302195"]
[EventDate "2014.03.04"]

1. e4 c5 2. Nf3 d6 3. d4 cxd4 4. Nxd4 Nf6 5. Nc3 Nc6 6. Be3 Ng4 7. Bg5 h6 8. Bh4
g5 9. Bg3 Bg7 10. Nb3 O-O 11. Be2 Nf6 12. O-O a5 13. a4 Be6 14. f4 gxf4 15. Bxf4
Qb6+ 16. Kh1 Nb4 17. Qd2 Nxc2 18. Qxc2 Qxb3 19. Qd2 Qb4 20. Bxh6 Nxe4 21. Qe3 f5
22. Nxe4 Qxe4 23. Qg5 Qe5 24. Bf3 Qf6 25. Qxg7+ Qxg7 26. Bxg7 Kxg7 27. Rfe1 Kf6
28. Re2 Bc4 29. Re3 Ba6 30. Rb3 Rab8 31. Rc1 Rfc8 32. Rxc8 Rxc8 33. Kg1 Rc4 34.
Bxb7 Bxb7 35. Rxb7 Rxa4 36. Kf2 Rb4 37. Rxb4 axb4 38. Ke3 e5 39. g3 d5 40. h3
Kg5 41. b3 d4+ 42. Kd3 f4 43. h4+ Kg4 44. gxf4 exf4 45. Kxd4 Kxh4 46. Kc4 f3 47.
Kxb4 f2 48. Ka5 f1=Q 49. b4 Qf8 50. b5 Qb8 0-1

[Event "N1 Reykjavik Open 2014"]
[Site "Reykjavik ISL"]
[Date "2014.03.05"]
[Round "2.97"]
[White "Mare, Eben"]
[Black "Birkisson, Bjorn Holm"]
[Result "1-0"]
[WhiteElo "1967"]
[BlackElo "1598"]
[WhiteFideId "14305712"]
[BlackFideId "2310600"]
[EventDate "2014.03.04"]

1. e4 e5 2. Bc4 Nc6 3. Nf3 Bc5 4. b4 Bxb4 5. c3 Ba5 6. d4 exd4 7. O-O Nge7 8.
Ng5 Ne5 9. Nxf7 Nxf7 10. Bxf7+ Kxf7 11. Qh5+ Ng6 12. Qd5+ Kf8 13. Qxa5 dxc3 14.
Nxc3 b6 15. Qf5+ Qf6 16. Nd5 Qxf5 17. exf5 Nh4 18. Nxc7 Rb8 19. Bf4 Rb7 20. Rfe1
Kf7 21. Nb5 Nxf5 22. Re5 Kf6 23. Rd5 a6 24. g4 axb5 25. Rxf5+ Kg6 26. Rd1 h6 27.
Rd6+ Kh7 28. Rf7 Kg8 29. Re7 Kf8 30. Re2 Kf7 31. g5 Rg8 32. g6+ Kf8 33. Rd5 1-0

[Event "N1 Reykjavik Open 2014"]
[Site "Reykjavik ISL"]
[Date "2014.03.05"]
[Round "2.98"]
[White "Magnusdottir, Veronika Steinunn"]
[Black "Thorsteinsdottir, Hallgerdur"]
[Result "0-1"]
[WhiteElo "1595"]
[BlackElo "1967"]
[WhiteFideId "2309114"]
[BlackFideId "2302454"]
[EventDate "2014.03.04"]

1. e4 c6 2. d4 d5 3. Nc3 dxe4 4. Nxe4 Bf5 5. Ng3 Bg6 6. h4 h6 7. Nf3 Nd7 8. h5
Bh7 9. Bd3 Bxd3 10. Qxd3 e6 11. Bd2 Ngf6 12. O-O-O Be7 13. Kb1 O-O 14. Ne4 Nxe4
15. Qxe4 Nf6 16. Qd3 Qd5 17. Ne5 c5 18. Be3 Rac8 19. c4 Qe4 20. Qxe4 Nxe4 21. d5
Bd6 22. f4 exd5 23. Rxd5 b6 24. g4 Rfe8 25. Rhd1 Bb8 26. Kc2 Nf6 27. R5d3 Bxe5
28. fxe5 Nxg4 29. Bg1 Nxe5 30. Rc3 Rcd8 31. Rxd8 Rxd8 32. Bh2 Ng4 33. Bf4 Nf6
34. Rh3 Rd4 0-1

[Event "N1 Reykjavik Open 2014"]
[Site "Reykjavik ISL"]
[Date "2014.03.05"]
[Round "2.99"]
[White "Stolberg-Rohr, Thomine"]
[Black "Plantada Siurans, Estanislau"]
[Result "1-0"]
[WhiteTitle "WFM"]
[WhiteElo "1964"]
[BlackElo "1557"]
[WhiteFideId "1504258"]
[BlackFideId "32021488"]
[EventDate "2014.03.04"]

1. e4 e6 2. d4 d5 3. Nc3 dxe4 4. Nxe4 Bd7 5. Nf3 Bc6 6. Bd3 Nd7 7. O-O Bxe4 8.
Bxe4 c6 9. c4 Ngf6 10. Bc2 Be7 11. Qe2 Qb6 12. Rd1 h5 13. Rb1 Qc7 14. b4 a6 15.
h3 b5 16. Ne5 Nxe5 17. dxe5 Nd7 18. f4 O-O-O 19. c5 g5 20. fxg5 Qxe5 21. Qxe5
Nxe5 22. Bb2 f6 23. Bb3 Rhf8 24. Bxe6+ Kc7 25. Bc3 Ng6 26. Bf5 Nf4 27. Re1 Rde8
28. gxf6 Nd5 29. Be5+ Kb7 30. Bg6 Rd8 31. fxe7 Nxe7 32. Bxh5 Nd5 33. Bd6 Rf6 34.
Bf3 Rfxd6 35. cxd6 Rxd6 36. Rbd1 Kb6 37. Re5 a5 38. bxa5+ Kxa5 39. Bxd5 c5 40.
Bf3 1-0